| 000 | 00900nam a22002537a 4500 | ||
|---|---|---|---|
| 999 |
_c64743 _d64743 |
||
| 005 | 20240530110748.0 | ||
| 008 | 181204s2018 ua ah g 000 0dara d | ||
| 017 |
_a2017/9637 _bمصر. دار الكتب |
||
| 020 | _a9789778121209 | ||
| 040 |
_aEG-CaGPL _cEG-CaGPL |
||
| 082 | 0 | 4 |
_221 _a579.5 / _bم ت |
| 100 | 0 | _aمحمد على احمد | |
| 245 | 1 | 0 |
_aتصنيف الفطريات على اساس البيولوجيا الجزيئية / _cمحمد على احمد |
| 250 | _aط.1 | ||
| 260 |
_aالقاهرة : _bالمكتب العربى للمعارف، _c2018. |
||
| 300 |
_a862 ص. : _bصور ؛ _c24 سم. |
||
| 650 | 0 | 7 |
_2qrmak _aالفطريات |
| 650 | 0 | 7 |
_2qrmak _aالفطريات _xتصنيف |
| 650 | 0 | 7 |
_2qrmak _aالفطريات _xتشريح |
| 650 | 0 | 7 |
_2qrmak _aالنبات، علم |
| 651 | _2qrmak | ||
| 942 |
_2ddc _cBK |
||